<?xml version="1.0" encoding="UTF-8"?>
<record
    xmlns:xsi="http://www.w3.org/2001/XMLSchema-instance"
    xsi:schemaLocation="http://www.loc.gov/MARC21/slim http://www.loc.gov/standards/marcxml/schema/MARC21slim.xsd"
    xmlns="http://www.loc.gov/MARC21/slim">

  <leader>01121nam a22002657a 4500</leader>
  <controlfield tag="005">20170123164144.0</controlfield>
  <datafield tag="010" ind1=" " ind2=" ">
    <subfield code="a">B-124126</subfield>
  </datafield>
  <datafield tag="020" ind1=" " ind2=" ">
    <subfield code="c">300.00</subfield>
    <subfield code="a">8188738689</subfield>
  </datafield>
  <datafield tag="035" ind1=" " ind2=" ">
    <subfield code="a">B-124126</subfield>
  </datafield>
  <datafield tag="037" ind1=" " ind2=" ">
    <subfield code="b">Cen Lib/Ret</subfield>
  </datafield>
  <datafield tag="040" ind1=" " ind2=" ">
    <subfield code="a">DPL</subfield>
    <subfield code="b">PN</subfield>
  </datafield>
  <datafield tag="082" ind1=" " ind2=" ">
    <subfield code="a">&#xA15; </subfield>
    <subfield code="b">&#xA2E;&#xA3E;&#xA5C;&#xA39;&#xA3E;</subfield>
  </datafield>
  <datafield tag="245" ind1=" " ind2=" ">
    <subfield code="a">&#xA2E;&#xA40;&#xA32; &#xA2A;&#xA20;&#xA3E;&#xA30; :</subfield>
    <subfield code="c">&#xA0F;&#xA21;&#xA3F;&#xA1F;&#xA47;&#xA21; &#xA17;&#xA41;&#xA30;&#xA2E;&#xA47;&#xA32; &#xA2E;&#xA3E;&#xA5C;&#xA39;&#xA3E;&#xA5C; [&#xA0F;&#xA70;&#xA21;] &#xA15;&#xA47;&#xA38;&#xA30; &#xA30;&#xA3E;&#xA2E; </subfield>
    <subfield code="b">&#xA15;&#xA39;&#xA3E;&#xA28;&#xA40; &#xA38;&#xA70;&#xA17;&#xA4D;&#xA30;&#xA39;&#xA3F;  /</subfield>
  </datafield>
  <datafield tag="246" ind1=" " ind2=" ">
    <subfield code="a">Meel pathar : a collection of punjabi short stories /</subfield>
    <subfield code="b">edited by Gurmail Madhaharh [and] Kesra Ram</subfield>
  </datafield>
  <datafield tag="260" ind1=" " ind2=" ">
    <subfield code="a">&#xA2E;&#xA3E;&#xA28;&#xA38;&#xA3E; </subfield>
    <subfield code="b">&#xA09;&#xA5C;&#xA3E;&#xA28; &#xA2A;&#xA2C;&#xA32;&#xA3F;&#xA38;&#xA3C;&#xA30;&#xA1C;&#xA3C; </subfield>
    <subfield code="c">2005</subfield>
  </datafield>
  <datafield tag="270" ind1=" " ind2=" ">
    <subfield code="a">&#xA1E;&#xA3E;&#xA1F;&#xA30; &#xA1E;&#xA30;&#xA15;&#xA38;&#xA1A;&#xA4B;&#xA2D;</subfield>
    <subfield code="b">&#xA2E;&#xA3E;&#xA28;&#xA38;&#xA3E; </subfield>
    <subfield code="e">151505</subfield>
  </datafield>
  <datafield tag="300" ind1=" " ind2=" ">
    <subfield code="a">304p ; </subfield>
    <subfield code="c">20cm</subfield>
  </datafield>
  <datafield tag="650" ind1=" " ind2=" ">
    <subfield code="a">&#xA2A;&#xA70;&#xA1C;&#xA3E;&#xA2C;&#xA40; -- &#xA15;&#xA39;&#xA3E;&#xA23;&#xA40;&#xA06;</subfield>
    <subfield code="9">119984</subfield>
  </datafield>
  <datafield tag="650" ind1=" " ind2=" ">
    <subfield code="a">&#xA38;&#xA3E;&#xA39;&#xA3F;&#xA24; -- &#xA2A;&#xA70;&#xA1C;&#xA3E;&#xA2C;&#xA40; </subfield>
    <subfield code="9">119985</subfield>
  </datafield>
  <datafield tag="650" ind1=" " ind2=" ">
    <subfield code="a">literature -- Punjabi</subfield>
    <subfield code="9">114104</subfield>
  </datafield>
  <datafield tag="650" ind1=" " ind2=" ">
    <subfield code="a">Punjabi -- story</subfield>
    <subfield code="9">116063</subfield>
  </datafield>
  <datafield tag="700" ind1=" " ind2=" ">
    <subfield code="a">&#xA2E;&#xA3E;&#xA5C;&#xA39;&#xA3E;&#xA5C;, &#xA17;&#xA41;&#xA30;&#xA2E;&#xA47;&#xA32; </subfield>
    <subfield code="9">119986</subfield>
  </datafield>
  <datafield tag="700" ind1=" " ind2=" ">
    <subfield code="a">&#xA30;&#xA3E;&#xA2E; , &#xA15;&#xA47;&#xA38;&#xA30; </subfield>
    <subfield code="9">2233</subfield>
  </datafield>
  <datafield tag="942" ind1=" " ind2=" ">
    <subfield code="2">ddc</subfield>
    <subfield code="c">PN</subfield>
    <subfield code="h">&#xA15; </subfield>
    <subfield code="m">&#xA2E;&#xA3E;&#xA5C;&#xA39;&#xA3E;</subfield>
  </datafield>
  <datafield tag="999" ind1=" " ind2=" ">
    <subfield code="c">109849</subfield>
    <subfield code="d">109849</subfield>
  </datafield>
  <datafield tag="952" ind1=" " ind2=" ">
    <subfield code="0">0</subfield>
    <subfield code="1">0</subfield>
    <subfield code="4">0</subfield>
    <subfield code="7">0</subfield>
    <subfield code="a">L</subfield>
    <subfield code="b">L</subfield>
    <subfield code="d">2016-01-08</subfield>
    <subfield code="e">Cen Lib/Ret</subfield>
    <subfield code="g">300.00</subfield>
    <subfield code="l">1</subfield>
    <subfield code="o">&#xA15;  &#xA2E;&#xA3E;&#xA5C;&#xA39;&#xA3E;</subfield>
    <subfield code="p">B-124126</subfield>
    <subfield code="r">2017-09-04 00:00:00</subfield>
    <subfield code="s">2017-08-24</subfield>
    <subfield code="t">1</subfield>
    <subfield code="v">300.00</subfield>
    <subfield code="w">2016-01-08</subfield>
    <subfield code="y">PN</subfield>
  </datafield>
</record>
